00897nam a22002417a 450000500170000001000110001702000100002803500110003803700160004904000120006508200190007710000270009624501400012326000460026327000230030930000270033250000490035965000440040865000270045294200280047999900190050795201290052620170124110214.0 a054471 c00.00 a054471 bCen Lib/Ret aDPLbEN a027.40973bWAL aWaldron, Gloria938678 aThe information film :cby Gloria Waldronba report of the Public Library Inquiry [in co-operation with the Twentieth Century Fund] / aNew YorkbColumbia University Pressc1949 aNew YorkbNew York axviii,281p. c20cm(Hb) aIncludes bibliographical reference and index aPublic Library Inquiry (Project)938679 aWaldron, Gloria938680 2ddccENh027.40973mWAL c133697d133697 001040718REFaLbLd2015-07-27eCen Lib/Retg0.00l0o027.40973 WALp054471r2015-07-27 00:00:00t1v0.00w2015-07-27yEN